000 00650nam a2200241Ia 4500
008 160621s9999 xx 000 0 und d
020 _a978-1-4129-1111-5
050 _aComSc LB 1044.87
050 _b.H65 2006
100 _aHolmes, Bryn.
245 _aE-learning :
245 _bconcepts and practice /
245 _cBryn Holmes, John Gardner.
260 _aLondon :
260 _bSage Pub.,
260 _c2006
300 _a186 pages :
300 _billustrations ;
300 _c24 cm.
500 _aIncludes bibliographical references and index.
650 _aComputer-assisted instruction.
650 _xInternet in education.
999 _c296101
_d296101